Office floorspace surveys. - 3rd quarter 1978 - 4th quarter 1990 (Record no. 92553)
[ view plain ]
| 000 -LEADER | |
|---|---|
| fixed length control field | 00666cam a2200229 4500 |
| 001 - CONTROL NUMBER | |
| control field | B2328 |
| 008 - FIXED-LENGTH DATA ELEMENTS--GENERAL INFORMATION | |
| fixed length control field | 090401t xxu||||| |||| 00| 0 eng d |
| 035 ## - SYSTEM CONTROL NUMBER | |
| System control number | (Sirsi) u49352 |
| 041 ## - LANGUAGE CODE | |
| Language code of text/sound track or separate title | eng |
| 050 ## - LIBRARY OF CONGRESS CALL NUMBER | |
| Classification number | 711.5520212 |
| 110 ## - MAIN ENTRY--CORPORATE NAME | |
| Corporate name or jurisdiction name as entry element | Debenham Tewson and Chinnocks |
| 9 (RLIN) | 3135 |
| 245 ## - TITLE STATEMENT | |
| Title | Office floorspace surveys. - 3rd quarter 1978 - 4th quarter 1990 |
| 260 ## - PUBLICATION, DISTRIBUTION, ETC. | |
| Place of publication, distribution, etc. | London |
| Name of publisher, distributor, etc. | Debenham Tewson and Chinnocks |
| Date of publication, distribution, etc. | 1978 - 199 |
| 300 ## - PHYSICAL DESCRIPTION | |
| Extent | lv.(loose-leaf) ; 25x36cm. |
| 350 ## - PRICE (NR) (BK AM CF MU VM SE) [OBSOLETE] | |
| Price | 5 |
| 520 ## - SUMMARY, ETC. | |
| Summary, etc. | No more published, replaced by CORe central offices research q.v. |
| 650 ## - SUBJECT ADDED ENTRY--TOPICAL TERM | |
| Topical term or geographic name entry element | CITY OF LONDON |
| 650 ## - SUBJECT ADDED ENTRY--TOPICAL TERM | |
| Topical term or geographic name entry element | LONDON |
| 650 ## - SUBJECT ADDED ENTRY--TOPICAL TERM | |
| Topical term or geographic name entry element | OFFICES |
| 942 ## - ADDED ENTRY ELEMENTS (KOHA) | |
| Suppress in OPAC | 0 |
| 948 ## - LOCAL PROCESSING INFORMATION (OCLC); SERIES PART DESIGNATOR (RLIN) | |
| c (OCLC) | 04/03/1997 |
| Withdrawn status | Lost status | Source of classification or shelving scheme | Damaged status | Not for loan | Home library | Current library | Shelving location | Date acquired | Cost, normal purchase price | Total Checkouts | Full call number | Barcode | Date last seen | Copy number | Cost, replacement price | Price effective from | Koha item type |
|---|---|---|---|---|---|---|---|---|---|---|---|---|---|---|---|---|---|
| Dewey Decimal Classification | London | London | Basement | 14/09/1999 | 5.00 | SHELF 317 | 30031075 | 06/08/2019 | 1 | 5.00 | 06/08/2019 | Book |